000
00256nam a22001217a 4500
008
181019b xxu||||| |||| 00| 0 eng d
041
_a
eng
080
_a
531
100
_a
41
101
_a
FIZ
245
_a
PhysicalDiagnosis
_c
Adams.F.D
942
_2
udc
_c
BK
999
_c
50239
_d
50239